| 000 | 00608nam a2200205Ia 4500 | ||
|---|---|---|---|
| 005 | 20230821091744.0 | ||
| 008 | 131103s9999 xx 000 0 und d | ||
| 040 | _aLoreto College | ||
| 041 | _aEnglish | ||
| 082 |
_a910 _bFIS/W |
||
| 245 |
_aGeography and development _b a world regional approach _cedited by James S.Fisher |
||
| 250 | _a3rd ed. | ||
| 260 |
_aColumbus _bMerrill Publishing Company _c1980 |
||
| 300 |
_axviii,711 p. _b illus.,fig. |
||
| 504 | _aIncludes bibliographical references and index | ||
| 650 | _aGeography | ||
| 700 | _aFisher,James S.,ed. | ||
| 850 | _aLCLIB | ||
| 942 | _cBK | ||
| 999 |
_c12643 _d63122 |
||